Taylor Swift: I Wish You Would lyrics - Statistics

General Stats
  • This quiz has been taken 747 times
    662 since last reset
  • The average score is 390 of 446
Answer Stats
Answer % Correct
I
100%
I I I I I I
100%
a
99%
you
99%
wish
98%
it
97%
would
97%
It's
95%
it's
95%
the
94%
back
93%
never
93%
come
92%
hear
92%
we
92%
go
91%
knew
91%
now
91%
that
91%
where
91%
and
90%
did
90%
here
90%
like
90%
right
90%
up
90%
were
90%
we're
90%
all
89%
in
89%
my
89%
for
88%
as
87%
good
87%
phone
87%
hung
86%
your
86%
you're
86%
2
85%
AM
85%
me
84%
to
84%
car
83%
long
83%
I'd
82%
forget
81%
live
81%
but
80%
love
80%
what
78%
down
77%
could
76%
how
74%
mad
74%
know
73%
room
73%
straight
73%
always
71%
makes
71%
around
70%
be
70%
past
69%
think
69%
push
68%
run
68%
of
67%
said
67%
say
67%
turn
67%
window
67%
fighting
66%
line
66%
too
66%
buttons
65%
don't
65%
memories
65%
makes
64%
pass
64%
this
64%
anymore
63%
remember
63%
start
63%
street
63%
wanna
63%
drive
62%
everything
61%
hide
61%
miss
61%
much
61%
ahead
60%
crooked
60%
windows
59%
still
58%
are
57%
hate
55%
made
55%
cause
54%
running
54%
want
54%
stand
53%
voice
53%
nothing
50%
thinking
49%
us
48%
dark
46%
headlights
46%
stood
41%
give
40%
pane
37%
see
34%
face
33%
No matching quizzes found
Score Distribution
Percent of People with Each Score
Percentile by Number Answered
Your Score History
You have not taken this quiz since the last reset